LEADER 00497nab a2200145 i 4500 001 000000311178 003 CaOOAMICUS 005 20180831173027.0 008 180831n xx uu u0 0und r 013 $a20266 040 $aSeMil$bita 100 1 $aCrosta, Clino.$0(OLS)http://semarc/name/12975 245 10$a«De gratia divina». Trattato nuovo, sistema antico. 773 0 $t[Gennaio-Giugno].$g472-487$w()274029 996 $6245$a«De gratia divina». Trattato nuovo, sistema antico$9(OLS)http://semarc/title/385825 LEADER 00557nab a2200145 i 4500 001 000000278212 003 CaOOAMICUS 005 20120604000000.0 008 120604n xx uu u0 0und r 013 $a28992 040 $aSeMil$bita 245 10$aFamiglia e mentalità massmediale. - 23 p. - Titolo dalla copertina. - In copertina :$b40 anni. 500 $aMaggio 2012. 773 0 $t[2012.$dRoma : CiSCS, copyr. 2012.$w()217054 996 $6245$aFamiglia e mentalità massmediale. - 23 p. - Titolo dalla copertina. - In copertina :$b40 anni.$9(OLS)http://semarc/title/362629